000 00776nam a2200229 a 4500
001 0728
005 20140414132143.0
008 040927s19uu xx 00 eng d
020 _a0-978-0-439-04601-7
050 _aKIT (LCER) 502.3
_bC36 1999
100 _aChanko, Pamela
245 _aScientists /
_cPamela Chanko, Samantha Berger.
260 _aNew York :
_bScholastic,
_c1999.
300 _a1 v. (unp.) : ill. ; cm.
440 _aLearning center emergent readers
520 _aSimple text and photographs present the many different kinds of scientists, including doctors, astronomers, and zoologists.
650 _aScience
_xJuvenile literature.
650 _aScientists
_xJuvenile literature.
650 _aOccupations.
999 _c115375
_d115375